Países sin Vocales #2 - Estadísticas

Estadísticas generales
  • Esta prueba ha sido intentada 5.212 veces
  • La puntuación promedio es 20 de 25
Estadísticas de respuestas
Pista País % Correcto
L_X_MB_RG_ Luxemburgo
99%
CH_N_ China
96%
M_NT_N_GR_ Montenegro
94%
CH_L_ Chile
93%
G_B_N Gabón
93%
P_RT_G_L Portugal
93%
_RG_NT_N_ Argentina
89%
C_N_D_ Canadá
85%
_RG_L__ Argelia
83%
K_R_B_T_ Kiribati
81%
N__V_ Z_L_ND_ Nueva Zelanda
80%
T_NG_ Tonga
80%
D_M_N_C_ Dominica
79%
GR_C__ Grecia
79%
G__T_M_L_ Guatemala
79%
B_H_M_S Bahamas
78%
S_NT_ T_M_ Y PR_NC_P_ Santo Tomé y Príncipe
78%
F_Y_ Fiyi
73%
_ND_N_S__ Indonesia
71%
_G_ND_ Uganda
70%
G__RG__ Georgia
69%
_LB_N__ Albania
66%
S_M__ Samoa
64%
S__C__ Suecia
59%
_CR_N__ Ucrania
57%
No se encontraron pruebas coincidentes
Distribución de puntuación
Porcentaje de gente con cada puntuación
Porcentaje por número respondido
Historial de tus puntuaciones
No has intentado esta prueba.